Gemile (Record no. 326)
[ view plain ]
| 000 -BAŞLIK | |
|---|---|
| Sabit Uzunlukta Kontrol Alanı | 00746na a2200265 4500 |
| 001 - KONTROL NUMARASI | |
| Denetim Alanı | 15990 |
| 003 - KONTROL NUMARASI IDENTIFIER | |
| Denetim Alanı | MIRAKIL |
| 005 - SON İŞLEM TARİHİ VE ZAMANI | |
| Denetim Alanı | 20181213154744.0 |
| 008 - SABİT-BOY VERİ ELEMANLARI - GENEL BİLGİLER | |
| Sabit Uzunlukta Kontrol Alanı | 161001b tu 000 0 |
| 020 ## - ULUSLARARASI STANDART KİTAP NUMARASI | |
| Uluslararası Standart Kitap Numarası | 9759275821 |
| 035 ## - SİSTEM KONTROL NUMARASI | |
| Sistem Kontrol Numarası | 15990 |
| 040 ## - KATALOGLAMA KAYNAK | |
| Orijinal Kataloglama Ajansı | Milas |
| Kataloglama Dili | tur |
| Metne Dönüştürmek Ajansı | TR-AnCHP |
| 041 ## - DİL KODU | |
| Metin / Ses Parça Veya Ayrı Başlığın Dil Kodu | eng |
| 082 ## - DEWEY ONLU SINIFLANDIRMA NUMARASI | |
| Sınıflandırma Numarası | 813.42 |
| Ürün Numarası | O63c [200?] |
| 090 ## - SINIFLAMA NUMARASI | |
| Sınıflama Numarası | 813.42 O63c [200?] |
| 100 ## - ANA GİRİŞ - KİŞİSEL İSİM | |
| Kişisel Ad | Orhan Kemal |
| Bir Adıyla İlişkilendirilen Tarihler | 1914-1970 |
| 240 ## - ÜNİFORM BAŞLIK | |
| Üniforma Başlık | <a href="Cemile">Cemile</a> |
| 245 ## - BAŞLIK TABLOSU | |
| Başlık | Gemile |
| Başlığın Kalan | a novel |
| Sorumluluk Tablosu, Vb | Orhan Kemal; translated by Cengiz Lugal |
| 260 ## - YAYIN, DAĞITIM, VB | |
| Yayın, Dağıtım, Vb Yeri | İstanbul |
| Yayıncı, Dağıtıcı, Vs Adı | Anatolia publishing |
| Yayın, Dağıtım, Vb Tarihi | [200?] |
| 300 ## - FİZİKSEL TANIM | |
| Kapsam | 175 s. |
| Boyutlar | 19 sm. |
| 500 ## - GENEL NOT | |
| Genel Not | Özgün yapıt adı: Cemile |
| 650 ## - KONU KATMA GİRİŞ - TOPİKAL DÖNEM | |
| Topikal Süreli Veya Coğrafi Ad Giriş Elemanı | Türk edebiyatı |
| Genel Alt Bölümü | Roman |
| Kronolojik Alt Bölümü | İngilizceye çeviriler |
| 942 ## - EKLENDİ GİRİŞ ELEMANLARI (KOHA) | |
| Sınıflandırma Veya Raf Düzeni Kaynak | Dewey Decimal Classification |
| Koha Öğesi Türü | Books |
| 999 ## - SİSTEM KONTROL NUMARALARI (KOHA) | |
| Koha Biblionumber | 326 |
| Koha Biblioitemnumber | 326 |
| 657 ## - INDEX SÜRE - İŞLEVİ | |
| -- | Hükümlü edebiyatçılar |
| Kalıcı Konum | Mevcut Konum | Edinme Tarihi | Edinim Kaynak | Toplam Check-Out'Lar | Tam Çağrı Numarası | Barkod | Tarih Son Görülme | İtibaren Geçerli Fiyatlar | Koha Öğesi Türü | Kopya Sayısı |
|---|---|---|---|---|---|---|---|---|---|---|
| CHP Kütüphanesi | CHP Kütüphanesi | 09/28/2016 | Bağış | 813.42 O63c [200?] | 004277 | 09/28/2016 | 09/28/2016 | Books | ||
| CHP Kütüphanesi | CHP Kütüphanesi | 10/01/2016 | Bağış | 813.42 O63c [200?] | 004278 | 10/01/2016 | 10/01/2016 | Books | k.2 |
